Score 0/84 Timer 10:00
4 Plays Today
% Correct
S - Surname of the yellow animated family living in Springfield.
100%
M - In Grey's Anatomy, the title character's first name.
97.3%
G - In Friends, the name of the white-haired barista working in Central Perk.
97.3%
Simpson
97.3%
Simpson
97.3%
O - Sitcom with UK/US versions. Ricky Gervais and Steve Carell star respectively. The ______.
88%
K - Neighbour of Seinfeld in the sitcom of the same name.
Cosmo _____.
87.3%
C - US state in which the South Park sitcom is set.
87.2%
Office
87.2%
Office
87.2%
Q - Fictional city in which the animated sitcom Family Guy is set.
86.7%
Gunther
86.7%
Gunther
86.7%
U - Chief Communications Officer aboard the original USS Enterprise, Lt. Nyota _____
86.4%
Meredith
86.4%
Meredith
86.4%
H - In both the pilot and finale of How I Met Your Mother, Ted
stands outside Robin's apartment holding a blue French ____.
84.9%
A - Business-styled reality game show headed by Donald Trump
in the US and Alan Sugar in the UK. The _____.
84.8%
Colorado
84.6%
Colorado
84.6%
V - American political satire comedy series
starring Julia Louis-Dreyfus.
84.6%
Quahog
84.6%
Quahog
84.6%
R - Animated kids show featuring toddlers
Tommy, Chuckie, Phil and Lil.
84.4%
J - Extreme stunt show first airing on MTV featuring Johnny Knoxville and Steve-O.
84.3%
W - Long-running BBC science-fiction series about a
Gallifreyan Time Lord. Doctor ____
84.3%
Kramer
84.2%
Kramer
84.2%
% Correct
X - The eponymous Warrior Princess played by Lucy Lawless.
84.1%
Apprentice
84.1%
Apprentice
84.1%
Z - Crustacean-like alien doctor in the world of Futurama (surname).
84%
Who
84%
Who
84%
P - Spongebob Squarepants famously lives in this under the sea.
84%
Uhura
84%
Uhura
84%
Horn
84%
Horn
84%
D - British period drama following the aristocratic Crawley family and their domestic servants. _____ Abbey.
83.9%
I - Sitcom featuring Tim 'The Tool Man' Taylor and his mostly unseen neighbour, Wilson. Home _____.
83.9%
Pineapple
83.8%
Pineapple
83.8%
E - American award that recognizes excellence in the television industry
83.8%
L - Drama series following the survivors of crashed Oceanic Airlines Flight 815.
83.8%
Jackass
83.8%
Jackass
83.8%
F - Either word in the game show where teams of relatives try to guess popular answers from a survey.
83.8%
Xena
83.8%
Xena
83.8%
Downton
83.7%
Downton
83.7%
Emmy
83.7%
Emmy
83.7%
Veep
83.7%
Veep
83.7%
% Correct
B - Sitcom starring Will Smith and Alfonso Ribeiro. The Fresh Prince of ______.
83.6%
Rugrats
83.6%
Lost
83.6%
Rugrats
83.6%
Lost
83.6%
Improvement
83.6%
Improvement
83.6%
Family
83.6%
Family
83.6%
Zoidberg
83.5%
Zoidberg
83.5%
Bel-Air
83.4%
Bel-Air
83.4%
Bel-Air
83.4%
Bel-Air
83.4%
Bel-Air
83.4%
Bel-Air
83.4%
Bel-Air
83.4%
Bel-Air
83.4%
Bel-Air
83.4%
Bel-Air
83.4%
Bel-Air
83.4%
Bel-Air
83.4%
Bel-Air
83.4%
Bel-Air
83.4%
Bel-Air
83.4%
Bel-Air
83.4%
Bel-Air
83.4%
Remove Ads.
Support Sporcle.
Get the best of Sporcle when you Go Orange. This ad-free experience offers more features, more stats, and more fun while also helping to support Sporcle. Thank you for becoming a member.

You're not logged in!

Compare scores with friends on all Sporcle quizzes.
OR
Log In

Show Comments

Extras

Top Quizzes Today


Score Distribution

Your Account Isn't Verified!

In order to create a playlist on Sporcle, you need to verify the email address you used during registration. Go to your Sporcle Settings to finish the process.

Report this User

Report this user for behavior that violates our Community Guidelines.

Details: